| 000 | 00622nam a2200217Ia 4500 | ||
|---|---|---|---|
| 003 | OSt | ||
| 005 | 20220926035051.0 | ||
| 006 | a|||||r|||| 00| 0 | ||
| 007 | ta | ||
| 008 | 220923b |||||||| |||| 00| 0 eng d | ||
| 037 | _cGeneral Book | ||
| 040 |
_aRTL _cRTL _beng |
||
| 041 |
_2eng _aeng |
||
| 082 | _aX:99N,1.3.N53t4, J6 | ||
| 110 |
_aPolitical and Economic Planning _9122748 |
||
| 245 | 0 |
_aGraduate employment _b A sample survey |
|
| 650 | _aFull Employment | ||
| 700 |
_aPolitical and Economic Planning _9122749 |
||
| 942 |
_hX:99N,1.3.N53t4, J6 _cGB _2CC |
||
| 999 |
_c661244 _d661244 |
||